Snack time, Tyrannosaurus rex! / (Record no. 3848)

MARC details
000 -LEADER
fixed length control field 01014cam a2200301 a 4500
005 - DATE AND TIME OF LATEST TRANSACTION
control field 20250530142943.0
020 ## - INTERNATIONAL STANDARD BOOK NUMBER
International Standard Book Number 9781592493029
040 ## - CATALOGING SOURCE
Original cataloging agency DLC
Transcribing agency DLC
Modifying agency DLC
Language of cataloging eng
050 00 - LIBRARY OF CONGRESS CALL NUMBER
Classification number PZ10.3.B4517
Item number 2004
082 00 - DEWEY DECIMAL CLASSIFICATION NUMBER
Classification number 303
100 1# - MAIN ENTRY--PERSONAL NAME
Personal name Bentley, Dawn
245 10 - TITLE STATEMENT
Title Snack time, Tyrannosaurus rex! /
Statement of responsibility, etc. based on text by Dawn Bentley ; illustrated by Karen Carr
250 ## - EDITION STATEMENT
Edition statement First edition 2004
260 ## - PUBLICATION, DISTRIBUTION, ETC.
Place of publication, distribution, etc. Norwalk :
Name of publisher, distributor, etc. Little Soundprints ;
Date of publication, distribution, etc. 2004
300 ## - PHYSICAL DESCRIPTION
Extent 32 pages :
Other physical details color illustrations ;
Dimensions 24 cm.
490 ## - SERIES STATEMENT
Series statement Soundprints' Read-and-Discover
505 ## - FORMATTED CONTENTS NOTE
Formatted contents note J <br/>
520 ## - SUMMARY, ETC.
Summary, etc. Tyrannosaurus rex hunts for lunch and evades a volcano which is about to erupt.
521 ## - TARGET AUDIENCE NOTE
Target audience note 460 <br/>
Source Lexile estimate <br/>
521 ## - TARGET AUDIENCE NOTE
Target audience note J <br/>
Source Raz-Plus <br/>
650 #0 - SUBJECT ADDED ENTRY--TOPICAL TERM
Topical term or geographic name entry element Tyrannosaurus rex
Form subdivision Juvenile fiction.
650 #1 - SUBJECT ADDED ENTRY--TOPICAL TERM
Topical term or geographic name entry element Tyrannosaurus rex
Form subdivision Fiction.
650 #1 - SUBJECT ADDED ENTRY--TOPICAL TERM
Topical term or geographic name entry element Dinosaurs
Form subdivision Fiction.
700 1# - ADDED ENTRY--PERSONAL NAME
Personal name Carr, Karen
Dates associated with a name 1960-
Relator term illustrator
906 ## - LOCAL DATA ELEMENT F, LDF (RLIN)
a 7
b cbc
c orignew
d 1
e ecip
f 20
g y-gencatlg
942 ## - ADDED ENTRY ELEMENTS (KOHA)
Source of classification or shelving scheme Dewey Decimal Classification
Koha item type Books
Suppress in OPAC No
999 ## -
-- 3848
-- 3848
Holdings
Withdrawn status Lost status Source of classification or shelving scheme Damaged status Not for loan Collection Home library Current library Shelving location Date acquired Total Checkouts Full call number Barcode Date last seen Date last checked out Copy number Price effective from Koha item type
    Dewey Decimal Classification     Juvenile Fiction Footprints International School Library Network Toul Kork Campus Footprints International School Library Network Toul Kork Campus TK Primary Library Room(4th Floor), Bookcase 1&2, Shelves 1-16, Dark Blue Books 05/30/2025   BEN 303 PZ10.B4517 FISTK01082 05/30/2025   2 05/30/2025 Books
    Dewey Decimal Classification     Juvenile Fiction Footprints International School Library Network Toul Tom Poung Campus Footprints International School Library Network Toul Tom Poung Campus TTP Primary Dark Blue Bookshelves 05/16/2024 1 BEN 303 PZ10.B4517 FIS03164 11/21/2025 11/14/2025 1 05/16/2024 Books